000 00424nam a2200157Ia 4500
008 210716s2011 xx 000 0 und d
020 _a9788122432305
041 _aeng
082 _a620.00151 DUKR
100 _aDukkipati, Rao V.
245 _aMatlab for control system engineers.
250 _a1
260 _aNew Delhi
_bNew Age International Pvt Ltd
_c2011
300 _axiii,577/ 2015
650 _aMatlab(620.00151)
999 _c197384
_d197384